000 00415nam a2200133Ia 4500
005 20260326235446.0
008 260326s9999||||xx |||||||||||||| ||und||
100 _aSalcedo, Guadalupe
245 0 _aSymposium interAmericano de Conservación del Patrimonio artístico /
_cGuadalupe Salcedo
260 _bInstituto Nacional de Bellas Artes
300 _a238 p.
650 _aRESATURACIÓN Y CONSERVACIÓN
942 _cBK
999 _c7589
_d7589